| 000 | 00642nam a2200217Ii 4500 | ||
|---|---|---|---|
| 003 | JO-AjNU | ||
| 008 | 230606s9999||||xx |||||||||||||| ||und|| | ||
| 020 | _a0-415-10257-X | ||
| 040 |
_aJO-AjNU _beng _erda _cJO-AjNU |
||
| 041 | _aeng | ||
| 050 | 1 | 4 | _aLA633.T45 1995 |
| 100 | 3 |
_aBourne, Jill, _eauthor _95838 |
|
| 245 | 0 | 0 | _aThinking Through Primay Practice |
| 250 | _a1 ed | ||
| 264 | 3 | 1 | _aNew yourk :Routledge ,1995 |
| 300 |
_a297p _bIncludes references indexes |
||
| 336 |
_atext _btxt _2rdacontent |
||
| 337 |
_aunmediated _bn _2rdamedia |
||
| 338 |
_avolume _bnc _2rdacarrier |
||
| 650 | 4 |
_aThinking Throuugh Primay Practice _95839 |
|
| 999 |
_aE3028 _c3025 _d3025 |
||